Geography Quiz

Random Geography or City Quiz

700 Years in England Quiz Stats

Quiz Updated May 21, 2016

Challenge
Share
Tweet
Embed
Score 0/70 Timer 10:00
13 Plays Today
Year Town % Correct
1861London
99.8%
2011London
99.8%
1523London
99.8%
1662London
99.8%
1801London
99.8%
1377London
99.8%
1334London
99.8%
1801Manchester
93%
1861Manchester
93%
2011Manchester
93%
2011Liverpool
87.5%
1801Liverpool
87.5%
1861Liverpool
87.5%
2011Birmingham
83.4%
1801Birmingham
83.4%
1861Birmingham
83.4%
2011Leeds
73.7%
1801Leeds
73.7%
1861Leeds
73.7%
1662York
70.2%
1377York
70.2%
1334York
70.2%
1861Newcastle
68.6%
1523Newcastle
68.6%
1662Newcastle
68.6%
1334Newcastle
68.6%
1662Oxford
63.7%
1334Oxford
63.6%
1334Bristol
63%
1377Bristol
63%
1523Bristol
63%
1662Bristol
63%
1801Bristol
63%
1861Bristol
63%
2011Bristol
63%
Year Town % Correct
1662Cambridge
61.5%
2011Sheffield
56.2%
1861Sheffield
56.2%
1801Portsmouth
52.7%
1523Norwich
50.5%
1662Norwich
50.5%
1801Norwich
50.5%
1334Norwich
50.5%
1377Norwich
50.4%
2011Leicester
47.9%
1801Plymouth
47.4%
1861Plymouth
47.4%
1801Bath
45.1%
2011Hull
43.4%
1377Coventry
42.1%
1523Coventry
42.1%
2011Coventry
42.1%
1662Exeter
38.6%
1523Exeter
38.6%
1523Canterbury
38.4%
1523Ipswich
37.6%
1662Ipswich
37.6%
1861Bradford
33.5%
1334Lincoln
32.1%
1377Lincoln
32.1%
1377Colchester
25%
1377Salisbury
21%
1334Salisbury
21%
1523Salisbury
21%
1334Shrewsbury
14.8%
1377Boston
12.5%
1377King's Lynn
10.7%
1523King's Lynn
10.7%
1334Great Yarmouth
9.8%
1662Great Yarmouth
9.8%

You're not logged in!

Compare scores with friends on all Sporcle quizzes.
Join for Free
OR
Log In

You Might Also Like...

Show Comments

Extras

Top Quizzes Today


Score Distribution

Your Account Isn't Verified!

In order to create a playlist on Sporcle, you need to verify the email address you used during registration. Go to your Sporcle Settings to finish the process.

Report this User

Report this user for behavior that violates our Community Guidelines.

Details: